Rural appraisal (Registro nro. 5633)

Detalles MARC
000 -CABECERA
Campo de control 00711nam a2200241 a 4500
005 - FECHA Y HORA DE LA ULTIMA TRANSACCION
Campo de control 20160106025953.0
008 - ELEMENTOS DE LONGITUD FIJA—INFORMACION GENERAL
Campo de control 160106t1992 xxu||||fr|||| 00| 0 spa d
020 ## - ISBN
ISBN 0903715848
040 ## - FUENTE DE CATALOGACIÓN
Agencia catalogadora original CO-BoIAVH
Agencia transcriptora CO-BoIAVH
041 ## - IDIOMA
Código de idioma para texto/pista de sonido o título separado Inglés
082 #4 - NUMERO DE CLASIFICACION DECIMAL DEWEY
Número de clasificación 307.1412
Número del ítem C44r
090 ## - CLASIFICACIÓN LOCAL
Colección LB
Consecutivo 04899
100 1# - ASIENTO PRINCIPAL--NOMBRE PERSONAL
Nombre personal Chambers, Robert
245 1# - MENCION DE TITULO
Título Rural appraisal
Parte restante del título rapid, relaxed and participatory
260 ## - PUBLICACION, DISTRIBUCION, ETC. (PIE DE IMPRENTA)
Lugar de publicación, distribución, etc. Brighton
Nombre del editor, distribuidor, etc. Institute of Developments studies
Fecha de publicación, distribución, etc. 1992
300 ## - DESCRIPCION FISICA
Extensión 90 paginas.
Dimensiones 21 x 14 cm.
650 #4 - ASIENTO SECUNDARIO DE MATERIA - TERMINO TEMATICO
Término temático o nombre geográfico como elemento de entrada Participación rural
650 #4 - ASIENTO SECUNDARIO DE MATERIA - TERMINO TEMATICO
Término temático o nombre geográfico como elemento de entrada Condiciones de vida
650 #6 - ASIENTO SECUNDARIO DE MATERIA - TERMINO TEMATICO
Término temático o nombre geográfico como elemento de entrada Agroecosistemas
700 ## - ASIENTO SECUNDARIO - NOMBRE PERSONAL
Nombre personal Chambers, Robert
942 ## - ELEMENTOS ADICIONALES (KOHA)
Tipo de ítem Libro
Sistema de clasificación Dewey Decimal Classification
945 ## - PROCESAMIENTO LOCAL
AAAA-MM-DD - Fecha de ingreso o modificacion 2007-06-20
Existencias
Withdrawn status Lost status Sistema de Clasificación Damaged status No para préstamo Colección Inventariado Ubicación Permanente Ubicación actual Fecha de adquisición Fuente de Valor Valor Total Checkouts Número topográfico Inventario / Código de Barras Date last seen Ejemplar Price effective from Forma de adquisición Tipo de material
    Dewey Decimal Classification     General Inventariado 2017 Bogotá Bogotá 20/06/2007 Instituto 39000.00   LB-307.1412 C44r 024535 04/12/2012 Ej.1 04/12/2012   Libro